LEADER 00899nam0 22002653i 450 001 996292944203316 005 20190520161823.0 010 $a88-901612-0-5 100 $a20050228d2003----||||0itac50 ba 101 $aita 102 $aIT 200 1 $aAppunti di diritto minorile$eraccolta di lezioni tenute in occasione del Corso di aggiornamento per avvocati nelle materie attinenti il diritto minorile e le problematiche dell'età evolutiva nell'anno 2003$fa cura di Raffaele Mea 210 $a[S. l.$cs. n.$d2003?] 215 $a225 p.$d24 cm 300 $aTitolo della copertina 606 0 $aMinori$xProcesso penale$2BNCF 676 $a345.45087 702 1$aMEA,$bRaffaele 801 0$aIT$bsalbc$gISBD 912 $a996292944203316 951 $aXXVI.2.C. 810$b45383 G.$cXXVI.2.C.$d428569 959 $aBK 969 $aGIU 996 $aAppunti di diritto minorile$91551812 997 $aUNISA LEADER 00860nam0-22003011i-450 001 990001692940403321 005 20190529131322.0 035 $a000169294 035 $aFED01000169294 035 $a(Aleph)000169294FED01 035 $a000169294 100 $a20030910f19..----km-y0itay50------ba 101 0 $aita 102 $aIT 200 1 $a<>nocciolo coltura di alto reddito per l'Appennino parmense$fAldo Lavezzini 210 $aParma$c[s.n.$d19..] 215 $a15 p.$d25 cm 300 $aEstr. da: L'Avvenire parmense. 610 0 $aCorylus 676 $a634.54 700 1$aLavezzini,$bAldo$0354580 801 0$aIT$bUNINA$gRICA$2UNIMARC 901 $aLG 912 $a990001692940403321 952 $a60 OP. 51/44$b37062$fFAGBC 959 $aFAGBC 996 $aNocciolo coltura di alto reddito per l'Appennino parmense$9360807 997 $aUNINA